| 000 | 00600nam a2200205 a 4500 | ||
|---|---|---|---|
| 005 | 20220811144159.0 | ||
| 008 | 081107s1998 es r 000 0 spa d | ||
| 020 | _a8476660898 | ||
| 035 | _aUPN01000165429 | ||
| 049 | _aCG | ||
| 050 | 4 |
_aHF5549.5 J6 _bA5.2 |
|
| 245 | 0 | 0 | _aAnálisis ocupacional y funcional del trabajo. |
| 260 |
_aMadrid : _bOEI, _c1998. |
||
| 300 | _a166 p. | ||
| 440 | 0 |
_aIBERFOP ; _v3 |
|
| 500 | _a"Consejo de Normalización y Certificación de Competencia Laboral (CONOCER)" | ||
| 650 | 4 |
_aANALISIS OCUPACIONAL _96471 |
|
| 650 | 4 |
_aMercado laboral _99469 |
|
| 905 | _aLibro | ||
| 999 |
_c137541 _d137541 |
||